<?xml version="1.0" encoding="UTF-8"?>
<record
    xmlns:xsi="http://www.w3.org/2001/XMLSchema-instance"
    xsi:schemaLocation="http://www.loc.gov/MARC21/slim http://www.loc.gov/standards/marcxml/schema/MARC21slim.xsd"
    xmlns="http://www.loc.gov/MARC21/slim">

  <leader>00599nam a22001697a 4500</leader>
  <controlfield tag="003">0</controlfield>
  <controlfield tag="005">20160609165841.0</controlfield>
  <controlfield tag="008">101001t        xxu||||| |||| 00| 0 eng d</controlfield>
  <datafield tag="040" ind1=" " ind2=" ">
    <subfield code="c">BIBLIOTHEQUE EPAC</subfield>
  </datafield>
  <datafield tag="100" ind1=" " ind2=" ">
    <subfield code="a">Dossa ,Adjovi fleur Eunie</subfield>
    <subfield code="9">9262</subfield>
  </datafield>
  <datafield tag="130" ind1=" " ind2=" ">
    <subfield code="l">fr</subfield>
    <subfield code="9">9263</subfield>
  </datafield>
  <datafield tag="245" ind1=" " ind2=" ">
    <subfield code="a">Contribution &#xE0; l'am&#xE9;lioration de la qualit&#xE9; des inventaires des gaz &#xE0; effet de serre au B&#xE9;nin :Secteur de l'agriculture </subfield>
  </datafield>
  <datafield tag="260" ind1=" " ind2=" ">
    <subfield code="a">EPAC -UAC</subfield>
    <subfield code="b">EPAC-UAC</subfield>
    <subfield code="c">2006-2007</subfield>
  </datafield>
  <datafield tag="300" ind1=" " ind2=" ">
    <subfield code="a">81P.</subfield>
  </datafield>
  <datafield tag="650" ind1=" " ind2=" ">
    <subfield code="a">GAZ A EFFET DE SERRE ;CHANGEMENT CLIMATIQUE;PRODUCTION AGRICOLE; FACTEURS D'EMISSION</subfield>
    <subfield code="9">9264</subfield>
  </datafield>
  <datafield tag="942" ind1=" " ind2=" ">
    <subfield code="c">LIVR</subfield>
  </datafield>
  <datafield tag="999" ind1=" " ind2=" ">
    <subfield code="c">47804</subfield>
    <subfield code="d">47804</subfield>
  </datafield>
  <datafield tag="952" ind1=" " ind2=" ">
    <subfield code="0">0</subfield>
    <subfield code="1">0</subfield>
    <subfield code="4">0</subfield>
    <subfield code="7">0</subfield>
    <subfield code="a">BEPAC</subfield>
    <subfield code="b">BEPAC</subfield>
    <subfield code="d">2010-10-01</subfield>
    <subfield code="l">0</subfield>
    <subfield code="o">26.APE/DOS</subfield>
    <subfield code="p">M15572</subfield>
    <subfield code="r">2010-10-01 00:00:00</subfield>
    <subfield code="w">2010-10-01</subfield>
    <subfield code="y">THE</subfield>
  </datafield>
  <datafield tag="952" ind1=" " ind2=" ">
    <subfield code="0">0</subfield>
    <subfield code="1">0</subfield>
    <subfield code="4">0</subfield>
    <subfield code="7">0</subfield>
    <subfield code="a">BEPAC</subfield>
    <subfield code="b">BEPAC</subfield>
    <subfield code="d">2010-10-01</subfield>
    <subfield code="l">0</subfield>
    <subfield code="o">26.APE/DOS</subfield>
    <subfield code="p">M15573</subfield>
    <subfield code="r">2010-10-01 00:00:00</subfield>
    <subfield code="w">2010-10-01</subfield>
    <subfield code="y">THE</subfield>
  </datafield>
</record>
